Factoring rse public key (integers) and the effect of using different polynomial selection methods on general number field sieve (GNFS) algorithm (Record no. 181193)
[ view plain ]
| 000 -LEADER | |
|---|---|
| fixed length control field | 00720 a2200181 4500 |
| 003 - CONTROL NUMBER IDENTIFIER | |
| control field | Nust |
| 005 - DATE AND TIME OF LATEST TRANSACTION | |
| control field | 20170207153206.0 |
| 040 ## - CATALOGING SOURCE | |
| Transcribing agency | Nust |
| 082 ## - DEWEY DECIMAL CLASSIFICATION NUMBER | |
| Classification number | 005.8 |
| 100 ## - MAIN ENTRY--PERSONAL NAME | |
| Personal name | Ahmed, Waqas (MSIS-4) |
| 245 ## - TITLE STATEMENT | |
| Title | Factoring rse public key (integers) and the effect of using different polynomial selection methods on general number field sieve (GNFS) algorithm |
| Statement of responsibility, etc. | Waqas ahmed |
| 260 ## - PUBLICATION, DISTRIBUTION, ETC. | |
| Place of publication, distribution, etc. | Rawalpindi |
| Name of publisher, distributor, etc. | MCS,NUST |
| Date of publication, distribution, etc. | October,2007 |
| 300 ## - PHYSICAL DESCRIPTION | |
| Extent | vii,53,p.; |
| 505 ## - FORMATTED CONTENTS NOTE | |
| Formatted contents note | Introduction (page-1) Literature review (page-5) GNFS algorithm (page-12) Polynomial selection methods (page-25) Results and analysis (page-30) Conclusion and future work (page-410 |
| 538 ## - SYSTEM DETAILS NOTE | |
| System details note | Almirah No.70 Shelf No.4 |
| 650 ## - SUBJECT ADDED ENTRY--TOPICAL TERM | |
| Topical term or geographic name entry element | PG Thesis |
| 651 ## - SUBJECT ADDED ENTRY--GEOGRAPHIC NAME | |
| Geographic name | MSIS-3 |
| 942 ## - ADDED ENTRY ELEMENTS (KOHA) | |
| Source of classification or shelving scheme | |
| Koha item type | Book |
| Withdrawn status | Lost status | Source of classification or shelving scheme | Damaged status | Not for loan | Collection code | Permanent Location | Current Location | Date acquired | Total Checkouts | Full call number | Barcode | Date last seen | Price effective from | Koha item type |
|---|---|---|---|---|---|---|---|---|---|---|---|---|---|---|
| Military College of Signals (MCS) | Military College of Signals (MCS) | 12/12/2016 | 005.8 AHM | MCSTIS-87 | 12/08/2016 | 12/12/2016 | Book |
